00325nam a2200121Ia 4500008004100000041000800041082001200049100001900061245004500080260004000125300002900165365000900194240624s9999 xx 000 0 und d aeng a330 KNI aKNIGHT TIMOTHY aPANIC PROSPERITY AND PROGRESS FIVE CENTU c2014aNew JerseybJohn Wiley & Sons ax, : 469 : p. : cm. ; 23 cb26